01399nam a2200241Ia 4500001000900000003001000009008004100019040002500060041001300085100002000098245005700118250001100175260008300186300001200269500026300281501011400544520026300658650002300921942000700944957000600951999004200957952015800999L140-955IT-CnALBA170116s9999||||xx |||||||||||||| ||und|| aIT-CnALBAcIT-CnALBA aITALIANO aBRAVI FRANCESCO 0aSUNTO DELLE LEZIONI DI FILOSOFIA ELEMENTARE. ETICA.  a1a ed. a RAVENNAbCALDERINI TIPOGRAFIA c1879 [1° Ed.:1879 - Ed.Ling.Originale: 1879] a190 p.  aETICA E ALTRE SCIENZE. NOZIONE E DIVISIONE. BENE LEGGE. LEGGE POSITIVA. TEORIE MORALE ANTROPOLOGIA MORALE. ATTO UMANO SISTEMI CONTRARI ALLA LIBERTÀ. IMPURABILITA' COSCIENZA MORALE. DOVERE DIRITTO. LA SOCIETÀ. VIRTÙ. VIRTÙ E SCIENZA. SOCRATE PALTONE.  aSocietà San Paolo EM - Piazza San Paolo, 14 - 12051 ALBA (CN) (non commercial uses only) ® Copyright 2017 aETICA E ALTRE SCIENZE. NOZIONE E DIVISIONE. BENE LEGGE. LEGGE POSITIVA. TEORIE MORALE ANTROPOLOGIA MORALE. ATTO UMANO SISTEMI CONTRARI ALLA LIBERTÀ. IMPURABILITA' COSCIENZA MORALE. DOVERE DIRITTO. LA SOCIETÀ. VIRTÙ. VIRTÙ E SCIENZA. SOCRATE PALTONE.  aSISTEMI FILOSOFICI cBK 71 a1047bSI g Copie: 1 c260184d260184 0010406L_14095571aALBAbALBAd2017-01-16l0oL140-955r2017-01-16 00:00:00w2017-01-16yBKz(data import: 16 gennaio 2017) - By Epidotti, Vaglietti.